Famous People Named Dan, Danny, or Daniel - Statistics

General Stats
  • This quiz has been taken 203 times
  • The average score is 10 of 21
Answer Stats
Life Hint Person % Correct
1968– Played James Bond Daniel Craig
84%
1989– Harry Potter Daniel Radcliffe
84%
1944– Acted in Taxi, Twins, and Batman Returns Danny DeVito
83%
1957– My Left Foot, There Will Be Blood, Lincoln Daniel Day-Lewis
80%
1660–1731 Wrote Robinson Crusoe Daniel Defoe
67%
1947– Vice president who misspelled "potato" Dan Quayle
66%
1849–1911 Founded a Tennessee whiskey distillery Jack Daniel
62%
1952– Played Ray Stantz in Ghostbusters Dan Aykroyd
55%
1946– Actor in Lethal Weapon and Predator 2 Danny Glover
55%
1734–1820 Pioneer and frontiersman who explored Kentucky Daniel Boone
52%
1955– Co-star of Dumb and Dumber Jeff Daniels
52%
1956– Directed Trainspotting and Slumdog Millionaire Danny Boyle
40%
1944– Machete, Desperado, From Dusk till Dawn Danny Trejo
33%
1936–2020 Best known for "The Devil Went Down to Georgia" Charlie Daniels
31%
1953– Oingo Boingo founder who composes film scores Danny Elfman
27%
1957– One of the two Wet Bandits in Home Alone Daniel Stern
26%
1946– Played C-3PO Anthony Daniels
22%
Fictional Protagonist of The Karate Kid Daniel LaRusso
22%
Fictional Young boy in The Shining who has the Shining Danny Torrance
19%
1979– Was frontman of Silverchair Daniel Johns
7%
1961– Virtuoso drummer of Tool Danny Carey
6%
No matching quizzes found
Score Distribution
Percent of People with Each Score
Percentile by Number Answered
Your Score History
You have not taken this quiz